La Mére Marie de Jésus
Salvato in:
| Ente Autore: | |
|---|---|
| Natura: | Libro |
| Lingua: | francese |
| Pubblicazione: |
París
Maison de la Bonne Presse
1908
|
| Edizione: | 1a. ed |
| Serie: | Adveniat Regnun Tuum
|
| Soggetti: | |
| Tags: |
Aggiungi Tag
Nessun Tag, puoi essere il primo ad aggiungerne!!
|
MARC
| LEADER | 00000cam a2200000 a 4500 | ||
|---|---|---|---|
| 001 | UCE5576 | ||
| 003 | CL-VaPUC | ||
| 008 | 150123e19080000fr |||||||||||||||||fre|d | ||
| 082 | 0 | 4 | |a 922.2 |b FON |2 21 |
| 110 | 2 | |a Fondatrice des Petites-Sceurs de L`assomption |e author |9 578250 | |
| 245 | 1 | 3 | |a La Mére Marie de Jésus |
| 250 | |a 1a. ed | ||
| 300 | |a 573 p | ||
| 942 | |c BK | ||
| 945 | |d 20150123 15:06:00 |a arojas | ||
| 260 | |a París |b Maison de la Bonne Presse |c 1908 | ||
| 600 | 0 | 7 | |a MARIA |2 CL-VaPUC |9 431713 |
| 650 | 0 | |a Biografías |9 255210 | |
| 650 | 7 | |a CONGREGACIONES RELIGIOSAS |2 CL-VaPUC |9 398089 | |
| 650 | 0 | |a Iglesia Católica |9 256114 | |
| 583 | |a last modification |c 20150123 15:06:00 |k Rodrigo Vera | ||
| 490 | 0 | |a Adveniat Regnun Tuum | |
| 999 | |c 358253 |d 358251 | ||
| 952 | |0 0 |1 0 |3 erd |4 0 |6 922_200000000000000_FON_1908 |7 0 |8 X |9 466866 |a FDOBUD |b FDOBUD |i 5150744 |o 922.2 FON 1908 |p 5150744 |r 2019-11-23 |w 2019-11-23 |y BK_X |z Catalogado en:20150123 |k BUD | ||